| 000 | 01708nam2a2200253 4500 | ||
|---|---|---|---|
| 001 | RU\NLR\BIBL_A\011450515 | ||
| 005 | 20250626070629.0 | ||
| 010 | _a978-5-9538-0042-6 | ||
| 021 |
_aRU _b2017-50502 _93625 |
||
| 035 | _a(RuMoRGB)008937712 | ||
| 035 | _a(NLR Aleph) 011450515 | ||
| 090 |
_a11750318 _c11750318 |
||
| 100 | _a20170807d2017 |||y0rusy50 ca | ||
| 101 | 0 | _arus | |
| 102 | _aRU | ||
| 105 | _aa z 100zy | ||
| 200 | 0 | _aТ. 1 | |
| 215 |
_a470 с. _cил. |
||
| 461 | 0 |
_1001RU\NLR\BIBL_A\011450507 _12001#$aДеятельность правоохранительных органов в современных условиях$eсборник материалов XXII международной научно-практической конференции, 18-19 мая 2017 г.$e[в 2 т.$fредакционная коллегия: главный редактор: С.А. Карнович, кандидат юридических наук и др.]$vТ. 1 _911750275 _cИркутск _d2017 _fредакционная коллегия: главный редактор: С.А. Карнович, кандидат юридических наук и др.] _nВосточно-Сибирский институт МВД России _oсборник материалов XXII международной научно-практической конференции, 18-19 мая 2017 г. : [в 2 т. _tДеятельность правоохранительных органов в современных условиях _vТ. 1 |
|
| 942 | _cBOOK | ||
| 980 | _aNB | ||